000 00922nam a22002657a 4500
001 3853
003 FISKH
005 20240517101208.0
008 240517b cb ||||| |||| 00| 0 eng d
020 _a9780646947853
040 _aFISKH
_beng
_cFISKH
_dFISKH
082 _a398.25
100 _aLastdrager, Robert
_eauthor
245 _aGhost tram /
_cby Robert Lastdrager : illustrated by Richard Cox
260 _aOxford :
_bRaptor Books,
_c2015
300 _a21 unnumbered pages :
_bcolor illustrations ;
_c23 cm
505 _aJ
520 _aA whimsical allegory for life at journey's end, Ghost Tram wends its way through old Melbourne at night, its progress witnessed by creatures great and small whose time is not yet nigh.
521 8 _a500
_bLexile
521 8 _aJ
_bRaz-Plus
650 _aghost
_vfiction
700 _aCox, Richard
_eillustrator
942 _2ddc
_cBK
_n0
999 _c3853
_d3853